000 00456nam a2200181Ia 4500
001 22617
005 20260414150843.0
008 260414t2008||||xx |||||||||||||| ||spa||
041 _aESP
082 _a621.3822
_bH21
100 _aHänsler, Eberhard
_eAUT
245 0 _aSpeech and audio processing in adverse environments
_b
260 _c2008
300 _axx, 735 páginas :
_c24 cm.
650 _aTCA
654 _aCET
942 _cLIB
_dJUS
_fJUS
_2ddc
_n
999 _c22617
_d22617